000 00524nam a22001697a 4500
999 _c11984
_d11984
008 210920b 2017 ||||| |||| 00| 0 eng d
020 _a9789280116359
082 _a623.88
_bIMO
110 _aInternational Maritime Organization
245 _aSTCW including 2010 manila amendments : STCW convention and STCW code
260 _aLondon
_bInternational Maritime Organization
_c2017
300 _av,378p.
650 _aMaster and Deck department
650 _aEngine Department
650 _aWatchkeeping
942 _cBK